Manual of public international law
में बचाया:
| स्वरूप: | पुस्तक |
|---|---|
| भाषा: | Undetermined |
| प्रकाशित: |
London
Macmillan,St. Martin's P
1968
|
| विषय: | |
| टैग : |
टैग जोड़ें
कोई टैग नहीं, इस रिकॉर्ड को टैग करने वाले पहले व्यक्ति बनें!
|
| Thư viện lưu trữ: | Trung tâm Học liệu Trường Đại học Cần Thơ |
|---|
| LEADER | 00460nam a2200169Ia 4500 | ||
|---|---|---|---|
| 001 | CTU_89630 | ||
| 008 | 210402s9999 xx 000 0 und d | ||
| 082 | |a 341 | ||
| 082 | |b M294 | ||
| 245 | 0 | |a Manual of public international law | |
| 245 | 0 | |c Edited by Max Sørensen | |
| 260 | |a London | ||
| 260 | |b Macmillan,St. Martin's P | ||
| 260 | |c 1968 | ||
| 650 | |a International law | ||
| 904 | |i Bằng | ||
| 980 | |a Trung tâm Học liệu Trường Đại học Cần Thơ | ||